[Event "Swiss Queens Wed #8"]
[Site "FIDE Online Arena INT"]
[Date "2024.03.20"]
[Round "4"]
[White "Vidruska, Renate"]
[Black "Bashirli, Saadat"]
[Result "1-0"]
[WhiteElo "1978"]
[BlackElo "1803"]
[PlyCount "71"]
[EventDate "2024.03.20"]
[EventType "swiss (blitz)"]
[EventRounds "11"]
[EventCountry "NET"]
[SourceTitle "CB13_2024"]
[SourceDate "2024.03.27"]
[SourceVersion "1"]
[SourceVersionDate "2024.03.27"]
[SourceQuality "1"]

1. d4 d5 2. Nf3 c6 3. e3 Nf6 4. c4 e6 5. Bd3 Bd6 6. b3 0-0 7. Bb2 Nbd7 8. Nbd2 Re8 9. Ne5 Qc7 10. f4 b6 11. g4 c5 12. g5 Ne4 13. Nxe4 dxe4 14. Bxe4 Bb7 15. Bxh7+ Kf8 16. Rf1 cxd4 17. Bxd4 Bb4+ 18. Ke2 Nxe5 19. fxe5 Qc6 20. Kd3 Rad8 21. Rf4 Ke7 22. Qh5 Rf8 23. Raf1 Qe8 24. g6 Kd7 25. Rxf7+ Rxf7 26. gxf7 Qf8 27. Kc2 Kc7 28. Qg6 Bc8 29. Rg1 Bc5 30. Qxg7 Bxd4 31. exd4 Qxg7 32. Rxg7 Rf8 33. Bg8 Kd7 34. h4 Ke7 35. h5 Bd7 36. h6 1-0

[Event "Swiss Queens Wed #6"]
[Site "FIDE Online Arena INT"]
[Date "2024.03.06"]
[Round "9"]
[White "Vidruska, Renate"]
[Black "Kindipan, Zyralle"]
[Result "1-0"]
[WhiteElo "1978"]
[BlackElo "1645"]
[PlyCount "175"]
[EventDate "2024.03.06"]
[EventType "swiss (blitz)"]
[EventRounds "11"]
[EventCountry "NET"]
[SourceTitle "CB11_2024"]
[SourceDate "2024.03.13"]
[SourceVersion "1"]
[SourceVersionDate "2024.03.13"]
[SourceQuality "1"]

1. e4 c5 2. Nf3 Nc6 3. d4 cxd4 4. Nxd4 g6 5. Nxc6 bxc6 6. Bd3 Bg7 7. 0-0 d6 8. c4 Nf6 9. Nc3 0-0 10. Re1 Bg4 11. f3 Be6 12. Be3 Rb8 13. Qe2 a6 14. Rad1 Qa5 15. Qd2 Qb4 16. Rb1 Nd7 17. a3 Qb7 18. b4 Ne5 19. Qc2 Nxc4 20. Bxc4 Bxc4 21. Rec1 Be6 22. f4 Rfc8 23. f5 Bd7 24. fxg6 hxg6 25. Rf1 Be6 26. Ne2 Qb5 27. Nf4 Bc4 28. Rfc1 Be6 29. Nxe6 fxe6 30. Qf2 Qe5 31. Qh4 Rb7 32. Qg4 Kh7 33. Rd1 c5 34. bxc5 Rxb1 35. Rxb1 dxc5 36. Rf1 Rf8 37. Re1 Qc3 38. Qh4+ Kg8 39. Bg5 Bd4+ 40. Kh1 Bg7 41. h3 Qd3 42. Bf4 e5 43. Bg5 Rf1+ 44. Rxf1 Qxf1+ 45. Kh2 Bf6 46. Qh6 Kf7 47. Qh7+ Ke6 48. Bxf6 Qxf6 49. Qg8+ Qf7 50. Qc8+ Kf6 51. Qxa6+ Kg7 52. Qe2 Qf4+ 53. g3 Qc1 54. a4 Qa3 55. Qc2 Qb4 56. h4 Kf6 57. g4 c4 58. Qf2+ Kg7 59. Qg3 Qb2+ 60. Kh3 Qd4 61. a5 c3 62. a6 c2 63. Qa3 Qc4 64. Qxe7+ Kg8 65. a7 Qc8 66. Qa3 c1Q 67. Qxc1 Qxc1 68. a8Q+ Kg7 69. Qd5 Qc2 70. Qxe5+ Kh7 71. Qf4 Qc3+ 72. Kg2 Qc2+ 73. Kg3 Qc3+ 74. Qf3 Qc7+ 75. Kf2 Qc2+ 76. Qe2 Qc5+ 77. Kf3 Qc3+ 78. Qe3 Qf6+ 79. Kg3 Qe5+ 80. Qf4 Qc3+ 81. Qf3 Qe5+ 82. Kh3 Qb2 83. h5 gxh5 84. gxh5 Qb7 85. Qf5+ Kh8 86. Kg4 Qg7+ 87. Kh4 Qc3 88. e5 1-0

[Event "Swiss Queens Wed #4"]
[Site "FIDE Online Arena INT"]
[Date "2024.02.21"]
[Round "5"]
[White "Preobrazhenskaya, Diana"]
[Black "Vidruska, Renate"]
[Result "1-0"]
[WhiteElo "1859"]
[BlackElo "1963"]
[PlyCount "169"]
[EventDate "2024.02.21"]
[EventType "swiss (blitz)"]
[EventRounds "11"]
[EventCountry "NET"]
[SourceTitle "CB09_2024"]
[SourceDate "2024.02.28"]
[SourceVersion "1"]
[SourceVersionDate "2024.02.28"]
[SourceQuality "1"]

1. e4 e5 2. Nf3 Nf6 3. Nxe5 d6 4. Nf3 Nxe4 5. d4 d5 6. Bd3 Bd6 7. 0-0 0-0 8. c4 c6 9. Nc3 Nxc3 10. bxc3 dxc4 11. Bxc4 Bg4 12. h3 Bh5 13. Rb1 b5 14. Be2 Bg6 15. Bd3 Nd7 16. Bg5 Qa5 17. Bxg6 hxg6 18. Qc2 Rae8 19. Rfe1 a6 20. Bd2 Qc7 21. Qd3 Nb6 22. Ng5 Bf4 23. Ne4 Nc4 24. Bxf4 Qxf4 25. Nc5 a5 26. a4 Rxe1+ 27. Rxe1 Qd2 28. Qxd2 Nxd2 29. Re7 bxa4 30. Nxa4 Rb8 31. g3 Rb1+ 32. Kg2 Ra1 33. Nc5 a4 34. Ra7 a3 35. Ra4 Nb1 36. Nb3 Ra2 37. c4 Rb2 38. Nc1 Rc2 39. Nb3 a2 40. d5 cxd5 41. cxd5 Nc3 42. Ra8+ Kh7 43. d6 Ne4 44. d7 Rxf2+ 45. Kg1 Rb2 46. d8Q Rb1+ 47. Kg2 g5 48. Qd3 Rb2+ 49. Kf3 Rxb3 50. Qxb3 Nd2+ 51. Ke2 Nxb3 52. Rxa2 Nd4+ 53. Kd3 Ne6 54. g4 Kg6 55. Ke4 Nf4 56. Rh2 Ne6 57. Rh1 Nc5+ 58. Kf3 Ne6 59. Re1 Nd4+ 60. Kg3 Ne6 61. Re4 Nc5 62. Re5 Ne6 63. h4 gxh4+ 64. Kxh4 Nd4 65. Rd5 Ne6 66. g5 Nf4 67. Ra5 Ne6 68. Kg4 Nd4 69. Ra6+ Ne6 70. Rb6 Kh7 71. Kf5 Nd4+ 72. Ke5 Nf3+ 73. Kf4 Nd4 74. Rd6 Ne6+ 75. Kf5 Nf8 76. Rb6 Ng6 77. Rb7 Kg8 78. Rb8+ Kh7 79. Re8 Nh4+ 80. Kg4 Ng6 81. Kg3 f6 82. Kg4 Ne5+ 83. Kf5 Nc4 84. g6+ Kh6 85. Rh8# 1-0

[Event "Swiss Queens Wed #4"]
[Site "FIDE Online Arena INT"]
[Date "2024.02.21"]
[Round "7"]
[White "Vidruska, Renate"]
[Black "Milner, Romi"]
[Result "1-0"]
[WhiteElo "1963"]
[BlackElo "1716"]
[PlyCount "75"]
[EventDate "2024.02.21"]
[EventType "swiss (blitz)"]
[EventRounds "11"]
[EventCountry "NET"]
[SourceTitle "CB09_2024"]
[SourceDate "2024.02.28"]
[SourceVersion "1"]
[SourceVersionDate "2024.02.28"]
[SourceQuality "1"]

1. e4 e5 2. Nf3 Nc6 3. Nc3 Nf6 4. d4 Bb4 5. Nxe5 Qe7 6. Nxc6 Bxc3+ 7. bxc3 Qxe4+ 8. Qe2 dxc6 9. Ba3 Qxe2+ 10. Bxe2 Ne4 11. Bb2 0-0 12. Bd3 Nf6 13. 0-0 Re8 14. c4 Bg4 15. f3 Bd7 16. Rad1 Re3 17. g4 Rae8 18. Kf2 h5 19. g5 Nh7 20. Be4 R3xe4 21. fxe4 Rxe4 22. Rg1 Bg4 23. Rde1 Rxe1 24. Rxe1 Nxg5 25. Re8+ Kh7 26. Ra8 a6 27. Rb8 b6 28. Rb7 Ne6 29. d5 cxd5 30. cxd5 Nf4 31. c4 Kh6 32. Rxc7 Nd3+ 33. Kg3 Nxb2 34. Rxf7 Nd3 35. h3 Nc5 36. hxg4 hxg4 37. Kxg4 Kg6 38. Rf1 1-0

[Event "Swiss Queens Wed #1"]
[Site "FIDE Online Arena INT"]
[Date "2024.01.31"]
[Round "11"]
[White "Vidruska, Renate"]
[Black "Narva, Triin"]
[Result "1-0"]
[WhiteElo "1972"]
[BlackElo "2095"]
[PlyCount "81"]
[EventDate "2024.01.31"]
[EventType "swiss (blitz)"]
[EventRounds "11"]
[EventCountry "NET"]
[SourceTitle "CB06_2024"]
[SourceDate "2024.02.07"]
[SourceVersion "1"]
[SourceVersionDate "2024.02.07"]
[SourceQuality "1"]

1. e4 d5 2. exd5 Qxd5 3. Nc3 Qd6 4. d4 Nf6 5. Nf3 Nc6 6. Nb5 Qd8 7. c4 a6 8. Nc3 Bg4 9. d5 Ne5 10. Be2 Bxf3 11. Bxf3 g6 12. Be2 Bg7 13. 0-0 0-0 14. Be3 c6 15. Bd4 Nfd7 16. dxc6 Nxc6 17. Bxg7 Kxg7 18. Qc2 Nd4 19. Qe4 Nxe2+ 20. Qxe2 e6 21. Rad1 Qc7 22. Rfe1 Nf6 23. Qf3 Qxc4 24. Qxb7 Rab8 25. Qa7 Rxb2 26. Re3 Ng4 27. Rf3 Ne5 28. Re3 Qf4 29. Ree1 Ng4 30. g3 Qxf2+ 31. Qxf2 Nxf2 32. Rb1 Rxb1 33. Rxb1 Nd3 34. Rb6 Nc5 35. Rc6 Nd3 36. Rxa6 Rc8 37. Ne4 Ne5 38. Nd6 Rc1+ 39. Kf2 Rc2+ 40. Ke3 Ng4+ 41. Kf4 1-0

[Event "Swiss Queens Wed #1"]
[Site "FIDE Online Arena INT"]
[Date "2024.01.31"]
[Round "6"]
[White "Vidruska, Renate"]
[Black "Ovezdurdiyeva, Jemal"]
[Result "0-1"]
[WhiteElo "1972"]
[BlackElo "2057"]
[PlyCount "108"]
[EventDate "2024.01.31"]
[EventType "swiss (blitz)"]
[EventRounds "11"]
[EventCountry "NET"]
[SourceTitle "CB06_2024"]
[SourceDate "2024.02.07"]
[SourceVersion "1"]
[SourceVersionDate "2024.02.07"]
[SourceQuality "1"]

1. d4 e6 2. Nf3 b6 3. e3 Bb7 4. Bd3 Nf6 5. 0-0 c5 6. c4 d5 7. Nc3 Bd6 8. dxc5 bxc5 9. cxd5 exd5 10. e4 dxe4 11. Nxe4 Nxe4 12. Re1 0-0 13. Qb3 Qe7 14. Ng5 Bxh2+ 15. Kxh2 Qc7+ 16. Kg1 Nxg5 17. Bxg5 Nc6 18. Qc2 h6 19. Bh4 Nb4 20. Qc3 Nd5 21. Qc4 Nb6 22. Qg4 Bc8 23. Qf3 Be6 24. Be4 Rad8 25. Bg3 Qe7 26. Rac1 c4 27. Be5 Bg4 28. Qg3 h5 29. f3 f6 30. Bc3 Be6 31. Kh1 Qf7 32. Bg6 Qd7 33. Bxh5 g5 34. Bg6 Bf7 35. Be4 Be6 36. Kg1 Bf5 37. Bxf5 Qxf5 38. Rf1 Qc5+ 39. Qf2 Qxf2+ 40. Kxf2 Nd5 41. Bd4 Nf4 42. Bc5 Rfe8 43. Rcd1 Re2+ 44. Kg1 Rxg2+ 45. Kh1 Rxd1 46. Rxd1 Rxb2 47. Rd8+ Kf7 48. Rd7+ Kg6 49. Rxa7 c3 50. Be3 Re2 51. Bxf4 gxf4 52. Rc7 c2 53. Kg1 Re1+ 54. Kf2 c1Q 0-1

[Event "EU-ch Rapid"]
[Site "Zagreb"]
[Date "2023.12.14"]
[Round "1"]
[White "Vidruska, Renate"]
[Black "Maksimovic, Bojan"]
[Result "0-1"]
[WhiteElo "1972"]
[BlackElo "2497"]
[PlyCount "114"]
[EventDate "2023.12.14"]
[EventType "swiss (rapid)"]
[EventRounds "11"]
[EventCountry "CRO"]
[SourceTitle "CB51_2023"]
[SourceDate "2023.12.20"]
[SourceVersion "1"]
[SourceVersionDate "2023.12.20"]
[SourceQuality "1"]

1. e4 e6 2. d4 a6 3. Nf3 d5 4. Nc3 Nf6 5. Bd3 c5 6. exd5 exd5 7. 0-0 c4 8. Re1+ Be7 9. Bf1 0-0 10. b3 cxb3 11. cxb3 Bg4 12. h3 Bh5 13. Bf4 Nc6 14. Be5 Rc8 15. Re3 Qa5 16. Ne2 Ne4 17. Nf4 Bxf3 18. Qxf3 Bg5 19. h4 Bxf4 20. Qxf4 f6 21. Bd6 Rfd8 22. b4 Nxb4 23. Bxb4 Qxb4 24. Rd1 Qd6 25. Qg4 Rc2 26. Re2 Rxe2 27. Bxe2 g6 28. Bd3 f5 29. Qh3 Re8 30. h5 Nf6 31. hxg6 hxg6 32. Rb1 b5 33. g3 Kg7 34. Qf1 f4 35. Qg2 fxg3 36. Qxg3 Qxg3+ 37. fxg3 Re3 38. Rd1 Rxg3+ 39. Kf2 Rg4 40. Ke3 Rg3+ 41. Kf4 Nh5+ 42. Ke5 Rg5+ 43. Kd6 Nf4 44. Bf1 Rg1 45. Ke5 g5 46. Kf5 Kh6 47. a3 a5 48. Rb1 b4 49. axb4 axb4 50. Bd3 Rxb1 51. Bxb1 Kh5 52. Bc2 Kh4 53. Bd1 Nd3 54. Ke6 g4 55. Kxd5 g3 56. Bf3 b3 57. Be4 b2 0-1

[Event "Titled Tuesday intern op 12th Sep Early"]
[Site "Chess.com INT"]
[Date "2023.09.12"]
[Round "6"]
[White "Kopczynski, Michal"]
[Black "Vidruska, Renate"]
[Result "1-0"]
[WhiteElo "2225"]
[BlackElo "1990"]
[PlyCount "113"]
[EventDate "2023.09.12"]
[EventType "swiss (blitz)"]
[EventRounds "11"]
[EventCountry "USA"]
[SourceTitle "EXT 2024"]
[Source "ChessBase"]
[SourceDate "2023.10.10"]
[SourceVersion "1"]
[SourceVersionDate "2023.10.10"]
[SourceQuality "1"]

1. e4 e5 2. Nf3 Nf6 3. Nc3 Nc6 4. Bb5 Bb4 5. d3 Nd4 6. Ba4 b5 7. Bb3 a5 8. a3 Nxb3 9. cxb3 Bxc3+ 10. bxc3 d6 11. h3 h6 12. 0-0 Bb7 13. a4 bxa4 14. Rxa4 Bc6 15. Ra3 0-0 16. Be3 Qb8 17. Qa1 Qb5 18. Rd1 a4 19. bxa4 Rxa4 20. Rxa4 Qxa4 21. Qxa4 Bxa4 22. Ra1 Bc6 23. Ra7 Rc8 24. Nd2 d5 25. f3 dxe4 26. dxe4 Nd7 27. Nc4 Bb5 28. Na3 Bd3 29. Kf2 Nf8 30. Bc1 Ne6 31. g3 f5 32. exf5 Bxf5 33. g4 Bh7 34. Ra5 Nf4 35. Bxf4 exf4 36. Rc5 Kf8 37. Nc4 Ke7 38. Nb6 Rb8 39. Rxc7+ Kd6 40. Rxg7 Bd3 41. Rd7+ Kc6 42. Rxd3 Rxb6 43. Rd4 Rb2+ 44. Ke1 Rh2 45. Rxf4 Rxh3 46. Kf2 Rh1 47. Kg2 Rh4 48. Rf6+ Kc5 49. Rf5+ Kc4 50. Rh5 Rxh5 51. gxh5 Kxc3 52. Kg3 Kd4 53. Kf4 Kd5 54. Kf5 Kd6 55. Kg6 Ke7 56. Kxh6 Kf8 57. Kg6 1-0

[Event "Titled Tuesday intern op 29th Aug Early"]
[Site "Chess.com INT"]
[Date "2023.08.29"]
[Round "7"]
[White "Vidruska, Renate"]
[Black "Bournel, Antoine"]
[Result "1-0"]
[WhiteElo "1993"]
[BlackElo "2329"]
[PlyCount "71"]
[EventDate "2023.08.29"]
[EventType "swiss (blitz)"]
[EventRounds "11"]
[EventCountry "USA"]
[SourceTitle "EXT 2024"]
[Source "ChessBase"]
[SourceDate "2023.10.10"]
[SourceVersion "1"]
[SourceVersionDate "2023.10.10"]
[SourceQuality "1"]

1. e4 c5 2. Nf3 d6 3. d4 cxd4 4. Nxd4 Nf6 5. Nc3 Bd7 6. g3 e5 7. Nde2 Nc6 8. Bg2 h6 9. 0-0 Be7 10. h3 0-0 11. f4 b5 12. Kh2 b4 13. Nd5 Nxd5 14. exd5 Na5 15. fxe5 Nc4 16. e6 Be8 17. Qd4 Ne5 18. Nf4 Qa5 19. Bd2 Rb8 20. a3 Qa4 21. b3 Qb5 22. axb4 a6 23. c4 Qb7 24. Bc3 Bf6 25. Qd2 fxe6 26. dxe6 Bc6 27. Nd5 Bg5 28. Qe2 Kh8 29. h4 Be7 30. Rxf8+ Bxf8 31. Rf1 Re8 32. Qh5 Qb8 33. Qf5 g6 34. Bxe5+ dxe5 35. Qxg6 Qb7 36. Rf7 1-0